INTRODUCTION TO PSYCHOLOGY GATE WAYS TO MIND AND BEHAVIOR (Record no. 10470)

MARC details
000 -LEADER
fixed length control field 00338nam a22001457a 4500
003 - CONTROL NUMBER IDENTIFIER
control field SGT
082 ## - DEWEY DECIMAL CLASSIFICATION NUMBER
Classification number 152
Item number I10C
100 ## - MAIN ENTRY--PERSONAL NAME
Personal name COON, DENNIS
245 ## - TITLE STATEMENT
Title INTRODUCTION TO PSYCHOLOGY GATE WAYS TO MIND AND BEHAVIOR
250 ## - EDITION STATEMENT
Edition statement 12
260 ## - PUBLICATION, DISTRIBUTION, ETC. (IMPRINT)
Place of publication, distribution, etc AUSTRALIA
Name of publisher, distributor, etc WADS WORTH
Year of Publication 2010
300 ## - PAGE DESCRIPTION
No. of Pages 622
650 ## - SUBJECT ADDED ENTRY--TOPICAL TERM
Topical term or geographic name as entry element PSYCHOLOGY
942 ## - ADDED ENTRY ELEMENTS (KOHA)
Source of classification or shelving scheme Dewey Decimal Classification
Koha item type Books
Holdings
Withdrawn status Lost status Source of classification or shelving scheme Damaged status Not for loan Collection code Home library Current library Shelving location Date acquired Vendor Name SGTU Bill Number Total Checkouts Full call number Accession No. (Barcode) Date last seen Date last borrowed Bill Date Koha item type
    Dewey Decimal Classification   Not For Loan MEDICAL SGT Medical Library SGT Medical Library Reference Book 18/01/2017 ABC SGTU 6069 3 152 I10C FM7619 25/10/2025 14/10/2025 11/09/2015 Books